000 01080nam a22002297a 4500
001 000192774
003 AM-YeHGA
005 20250617123834.0
008 970708s1988 ru ||||| |||| 00| 0 rus d
040 _aAM-YeHGA
041 0 _arus
245 0 0 _aТопоминералогия и типоморфизм минералов :
_bСборник научных трудов /
_cАН СССР, Сиб. отд-ние, Якут. фил., Ин-т геологии, Якут. отд-ние Всесоюз. минерал. о-ва ; Редкол.: В.К. Маршинцев (отв. ред.) и др.
260 0 _aЯкутск :
_bАН СССР. Сиб. отд-ние. Якутский фил.,
_c1988.
300 _a160,6,[1] с. :
_bил. ;
_c22 см.
520 _aБиблиогр. в конце ст.
650 1 4 _aМинералогия
650 1 4 _aМинералы
700 1 0 _aМаршинцев, Виктор Клавдиевич
_4edt
_eред.
710 2 _aИн-т геологии Якутского фил. СО АН СССР
942 _2udc
_cBK
090 _c68095
999 _c66958
_d66958